00412nam a2200181Ia 4500003000900000008004100009040001300050040001300063041000800076100001700084245007100101250001000172260001200182260000900194300001100203300001000214490000600224IT-RoPAU120407s9999 xx 000 0 und d aIT-RoPAU cIT-RoPAU afra aEugenio Joly aAux sources bibliques. Guide de lecture de l’Ancient Testament aParis aFleurus c1951 a151 p. c22 cm v1